000 00446nam a22001577a 4500
005 20200120151059.0
008 200120b xxu||||| |||| 00| 0 eng d
020 _a978-0-19-948017-3
041 _aeng
100 _aTHAREJA, REEMA
_95103
245 _aPYTHON PROGRAMMING: Using problem solving approach
_cREEMA THAREJA
260 _aNEW DELHI
_bOXFORD UNIVERSITY PRESS
_c2017
300 _a544p,
650 _acomputer science
_95104
942 _cBK
999 _c6016
_d6014